<?xml version="1.0" encoding="UTF-8"?>
<record
    xmlns:xsi="http://www.w3.org/2001/XMLSchema-instance"
    xsi:schemaLocation="http://www.loc.gov/MARC21/slim http://www.loc.gov/standards/marcxml/schema/MARC21slim.xsd"
    xmlns="http://www.loc.gov/MARC21/slim">

  <leader>01377nam a2200277 a 4500</leader>
  <controlfield tag="001">000048721</controlfield>
  <controlfield tag="003">DO-SdBNP</controlfield>
  <controlfield tag="005">20220805090616.0</controlfield>
  <controlfield tag="008">190410s2001    dr a   gr     001   spa d</controlfield>
  <datafield tag="040" ind1=" " ind2=" ">
    <subfield code="a">DO-SdBNP</subfield>
    <subfield code="b">spa</subfield>
    <subfield code="c">BNPHU</subfield>
  </datafield>
  <datafield tag="082" ind1=" " ind2="4">
    <subfield code="2">22</subfield>
    <subfield code="b">R426j</subfield>
  </datafield>
  <datafield tag="110" ind1="1" ind2=" ">
    <subfield code="a">Rep&#xFA;blica Dominicana</subfield>
    <subfield code="b">Jefatura de Estado Mayor de la Fuerza A&#xE9;rea de San Isidro</subfield>
    <subfield code="9">82163</subfield>
  </datafield>
  <datafield tag="245" ind1="1" ind2="0">
    <subfield code="a">Reglamento de uniformes de la Fuerza A&#xE9;rea Dominicana. /</subfield>
  </datafield>
  <datafield tag="260" ind1=" " ind2=" ">
    <subfield code="a">Santo Domingo :</subfield>
    <subfield code="b">Editora Nomara,</subfield>
    <subfield code="c">2001</subfield>
  </datafield>
  <datafield tag="300" ind1=" " ind2=" ">
    <subfield code="a">178 p. ;</subfield>
    <subfield code="e">il. ;</subfield>
    <subfield code="c">21 cm.</subfield>
  </datafield>
  <datafield tag="505" ind1="0" ind2=" ">
    <subfield code="a">Presentaci&#xF3;n.</subfield>
  </datafield>
  <datafield tag="505" ind1="0" ind2=" ">
    <subfield code="a">Cap&#xED;tulo I. </subfield>
    <subfield code="t">Disposiciones Generales.</subfield>
  </datafield>
  <datafield tag="505" ind1="0" ind2=" ">
    <subfield code="a">Cap&#xED;tulo II.</subfield>
    <subfield code="t"> Clasificaci&#xF3;n de los uniformes.</subfield>
    <subfield code="t">Uniformes para Oficiales Masculinos.--</subfield>
    <subfield code="t">Uniformes para Oficiales Femeninos.--</subfield>
    <subfield code="t">Uniformes para Aliados.--</subfield>
    <subfield code="t">Uniformes para camarero.--</subfield>
    <subfield code="t">OM- 1 Uniformes para el Personal del Hospital "Ram&#xF3;n de Lara", "Fuerza A&#xE9;rea Dominicana"--</subfield>
    <subfield code="t">OE- 1 y AE- 1 Uniformes para de Maternidad para Oficiales y Aliados.--</subfield>
  </datafield>
  <datafield tag="505" ind1="0" ind2=" ">
    <subfield code="a">Cap&#xED;tulo III. </subfield>
    <subfield code="t">Componentes Uniformes.</subfield>
  </datafield>
  <datafield tag="505" ind1="0" ind2=" ">
    <subfield code="a">Cap&#xED;tulo IV. </subfield>
    <subfield code="t">Insignias y Distintivos.</subfield>
  </datafield>
  <datafield tag="505" ind1="0" ind2=" ">
    <subfield code="a">Cap&#xED;tulo V. </subfield>
    <subfield code="t">Uso Correcto y Medidas de las Insignias.</subfield>
  </datafield>
  <datafield tag="590" ind1=" " ind2=" ">
    <subfield code="a">Inventariado 2022 / MF</subfield>
  </datafield>
  <datafield tag="650" ind1=" " ind2="4">
    <subfield code="9">79571</subfield>
    <subfield code="a">Jefatura de Estado Mayor de la Fuerza A&#xE9;rea Dominicana San Isidro</subfield>
    <subfield code="x">Reglamento Uniformes</subfield>
    <subfield code="z">Rep&#xFA;blica Dominicana</subfield>
  </datafield>
  <datafield tag="910" ind1=" " ind2=" ">
    <subfield code="a">MFeliz</subfield>
  </datafield>
  <datafield tag="942" ind1=" " ind2=" ">
    <subfield code="2">ddc</subfield>
    <subfield code="c">LBS1</subfield>
  </datafield>
  <datafield tag="952" ind1=" " ind2=" ">
    <subfield code="0">0</subfield>
    <subfield code="1">0</subfield>
    <subfield code="2">ddc</subfield>
    <subfield code="5">1</subfield>
    <subfield code="7">0</subfield>
    <subfield code="8">PD</subfield>
    <subfield code="a">BNPHU</subfield>
    <subfield code="b">BNPHU</subfield>
    <subfield code="c">CT</subfield>
    <subfield code="d">2019-12-02</subfield>
    <subfield code="e">Donado por Felix Alberto &#xC1;reas</subfield>
    <subfield code="o">R426j</subfield>
    <subfield code="p">2022-3646</subfield>
    <subfield code="r">2020-06-25</subfield>
    <subfield code="w">2020-06-25</subfield>
    <subfield code="y">LBS1</subfield>
  </datafield>
  <datafield tag="999" ind1=" " ind2=" ">
    <subfield code="c">48209</subfield>
    <subfield code="d">48209</subfield>
  </datafield>
</record>
